| 000 | 00737nam a22002057a 4500 | ||
|---|---|---|---|
| 999 |
_c3678 _d3678 |
||
| 003 | AR-CdUCM | ||
| 008 | 190307b ||||| |||| 00| 0 spa d | ||
| 040 |
_aMUNICIPALIDAD PROVINCIAL DEL CUSCO _cBIBLIOTECA MUNICIPAL DEL CUSCO |
||
| 082 |
_a869.56 / _bR52 |
||
| 100 |
_aRibeyro, Julio Ramón _9546 |
||
| 245 | _aLos hombres y las botellas / | ||
| 260 |
_aLima : _bPopulibros peruanos, |
||
| 300 |
_a135 paginas ; _c17 cm. |
||
| 505 | _aContenido :Las botellas y los hombres -- Los moribundos -- La piel de un indio no cuesta cara -- Por las azoteas -- Dirección equivocada ... | ||
| 650 |
_aCuentos peruanos _97 |
||
| 650 |
_aLibros en braille _911941 |
||
| 650 |
_aCuentos para ciegos _911942 |
||
| 942 |
_2ddc _cLIBROS |
||
| 945 | _arum | ||